Normal view
MARC view
- Cyril Falls
Entry Personal Name
001 - CONTROL NUMBER
- control field: 109912
003 - CONTROL NUMBER IDENTIFIER
- control field: NUST
005 - DATE AND TIME OF LATEST TRANSACTION
- control field: 20230307093821.0
008 - FIXED-LENGTH DATA ELEMENTS
- fixed length control field: 230307|| aca||aabn | a|a d
040 ## - CATALOGING SOURCE
- Original cataloging agency: NUST
- Transcribing agency: NUST
100 ## - HEADING--PERSONAL NAME
- Personal name: Cyril Falls
670 ## - SOURCE DATA FOUND
- Source citation: Work cat.: (NUST)185394: Cyril Falls, The art of war :, 1961
